[Event "19eme open"]
[Site "Louviers"]
[Date "2016.11.11"]
[Round "1"]
[White "Steffenello, Leonard"]
[Black "Cassiau, Kevin"]
[Result "1/2-1/2"]
[WhiteElo "2152"]
[BlackElo "1543"]
[PlyCount "158"]
[EventDate "2012.05.13"]
[SourceDate "2016.11.14"]

1. d4 Nf6 2. c4 e5 3. dxe5 Ng4 4. Nf3 Nc6 5. e3 Bc5 6. Be2 Qe7 7. Nc3 Bb4 8.
Bd2 Bxc3 9. Bxc3 Ngxe5 10. Nxe5 Nxe5 11. Qd4 f6 12. Bh5+ Nf7 13. O-O d6 14. f4
Bd7 15. Bf3 Nd8 16. Qd2 O-O 17. Rae1 Nc6 18. Bd5+ Kh8 19. b4 Be6 20. e4 Rae8
21. Qf2 a6 22. b5 axb5 23. cxb5 Nd8 24. a4 Bxd5 25. exd5 Qd7 26. f5 Nf7 27. Re6
Ng5 28. Rfe1 Nxe6 29. fxe6 Qc8 30. Bb4 Re7 31. a5 Rd8 32. Rc1 Qa8 33. h3 Kg8
34. Qd2 Qa7+ 35. Kh2 Kh8 36. Rc4 b6 37. a6 Kg8 38. Rc6 h6 39. Qc2 Kh8 40. Bd2
Rf8 41. Qf5 Kg8 42. h4 Qb8 43. g4 Kh8 44. Rc1 Qe8 45. Rc6 Qb8 46. h5 Qa8 47.
Kg2 Qb8 48. Kf1 Qa8 49. Ke2 Qe8 50. Kd3 Qb8 51. Kc4 Qe8 52. Kb4 Qa8 53. Be3 Qb8
54. Bd4 Qd8 55. Rc2 Qb8 56. Ra2 Qa7 57. Kc4 Kg8 58. Rf2 Qb8 59. Kb4 Kh8 60. Be3
(60. g5 hxg5 61. h6 Kg8 62. hxg7 Rxg7 63. e7 Rxe7 64. Bxf6 Rxf6 65. Qxf6 $18)
60... Qa8 61. Qe4 Qb8 62. Ra2 Qa7 63. Qg6 Rg8 64. Qc2 (64. g5 hxg5 65. h6 Rf8
66. Rh2 Kg8 67. Qf5 Rfe8 68. hxg7 Rxg7 69. Rh6 $18) 64... Rf8 65. Qc6 Rb8 66.
Bd4 Kg8 67. Qc4 Kf8 68. Be3 Kg8 69. Qe4 Rf8 70. Qg6 Kh8 71. Bd4 Kg8 72. Qf5
Ree8 73. Rc2 Re7 74. Rc6 Qb8 75. Qc2 Qa7 76. Bf2 Rd8 77. Qb1 Qb8 78. Qc2 Qa7
79. Qg6 Qb8 1/2-1/2

[Event "19eme open Louviers"]
[Site "?"]
[Date "2016.11.11"]
[Round "1"]
[White "Bat, Bilguun"]
[Black "Joslin, Jerome"]
[Result "0-1"]
[WhiteElo "1516"]
[BlackElo "2100"]
[PlyCount "109"]
[EventDate "2012.05.13"]
[SourceDate "2016.11.14"]

1. d4 d5 2. c4 c6 3. Bf4 e6 4. e3 Nf6 5. Nf3 Qb6 6. Qc2 Qa5+ 7. Nbd2 Na6 8. Be2
dxc4 9. O-O b5 10. Ne5 Nb4 11. Qc3 Nfd5 12. Qc1 Bb7 13. Bg3 Rc8 14. a3 Na6 15.
a4 Qb6 16. a5 Qd8 17. b3 cxb3 18. Nxb3 Be7 19. Nd3 O-O 20. Nbc5 Nxc5 21. Nxc5
Ba8 22. Bg4 Nc7 23. Rd1 Bd6 24. f4 Qe7 25. e4 Rfd8 26. Qe3 Bxc5 27. dxc5 Na6
28. Rxd8+ Rxd8 29. Rc1 Bb7 30. f5 e5 31. Bh5 f6 32. Bd1 Rd4 33. Bb3+ Kh8 34.
Be1 Qd8 35. Qe2 Qe7 36. Qc2 Nb4 37. Bxb4 Rxb4 38. Rd1 Rd4 39. Rxd4 exd4 40. g4
g6 41. Kf2 Qe5 42. Kf3 g5 43. h3 Qf4+ 44. Kg2 Qe3 45. Ba2 Qc3 46. Qb3 Qxb3 47.
Bxb3 Ba6 48. Kf3 Kg7 49. Bc2 b4 50. Bb3 Bf1 51. Ba4 Bc4 52. Bc2 d3 53. Bb1 d2
54. Bc2 b3 55. Kf2 0-1

[Event "19eme open Louviers"]
[Site "?"]
[Date "2016.11.11"]
[Round "1"]
[White "Garcia, Adrien"]
[Black "Roche, Jan-Francois"]
[Result "1-0"]
[WhiteElo "1976"]
[BlackElo "1513"]
[PlyCount "69"]
[EventDate "2012.05.13"]
[SourceDate "2016.11.14"]

1. Nc3 f5 2. Nf3 Nf6 3. d4 g6 4. Bf4 d6 5. Qd2 Bg7 6. Bh6 O-O 7. Bxg7 Kxg7 8.
e3 Nc6 9. O-O-O Qe8 10. Nb5 Qf7 11. d5 Ne5 12. Nxc7 Rb8 13. Ng5 Ne4 14. Nxf7
Nxd2 15. Nxe5 dxe5 16. Rxd2 f4 17. e4 Bd7 18. f3 Rbc8 19. Ne6+ Bxe6 20. dxe6
Rc6 21. Rd7 Kf6 22. Rxb7 Rfc8 23. Bd3 a5 24. Ra7 Rxe6 25. Rxa5 Rd6 26. Kd2 h5
27. Ra6 g5 28. Rxd6+ exd6 29. a4 g4 30. Ke2 Rb8 31. Rb1 Kg5 32. Kf2 h4 33. fxg4
Kxg4 34. h3+ Kg5 35. b4 1-0

[Event "19eme open Louviers"]
[Site "?"]
[Date "2016.11.11"]
[Round "1"]
[White "Bailly, Yannick"]
[Black "Boursier, Xavier"]
[Result "0-1"]
[WhiteElo "1418"]
[BlackElo "1941"]
[PlyCount "52"]
[EventDate "2012.05.13"]
[SourceDate "2016.11.14"]

1. Nf3 e6 2. c4 f5 3. d4 Nf6 4. Nc3 d5 5. Bg5 Be7 6. e3 c6 7. Bd3 Ne4 8. Bxe7
Qxe7 9. Qc2 Nd7 10. cxd5 exd5 11. Ne2 O-O 12. O-O g6 13. a3 Ndf6 14. Rac1 Ng4
15. g3 Nexf2 16. Rxf2 Qxe3 17. Rcf1 Nxf2 18. Rxf2 f4 19. Bxg6 fxg3 20. Bxh7+
Kh8 21. Nxg3 Rxf3 22. Bg6 Qxd4 23. Kg2 Rxf2+ 24. Qxf2 Bh3+ 25. Kg1 Qd1+ 26. Nf1
Qxf1+ 0-1

[Event "19eme open Louviers"]
[Site "?"]
[Date "2016.11.11"]
[Round "1"]
[White "Lehericey, Fabrice"]
[Black "Grenet, Dominique"]
[Result "1-0"]
[WhiteElo "1898"]
[BlackElo "1403"]
[PlyCount "63"]
[EventDate "2012.05.13"]
[SourceDate "2016.11.14"]

1. e4 d5 2. exd5 Qxd5 3. Nc3 Qa5 4. d4 c6 5. Bd3 Nf6 6. Nge2 Bf5 7. b4 Qxb4 8.
Bxf5 Nd5 9. Bd2 Qd6 10. Rb1 Nxc3 11. Bxc3 b6 12. Be4 Nd7 13. O-O Rc8 14. Ng3 e6
15. Qe2 Nf6 16. Rfd1 Be7 17. Bb4 Qc7 18. Bxe7 Nxe4 19. Nxe4 Qxe7 20. c4 O-O 21.
Rb3 Rcd8 22. Rh3 f5 23. Nc3 Rf6 24. f4 Rg6 25. Re3 Re8 26. Kh1 Qc7 27. Re5 Qf7
28. d5 Rh6 29. dxc6 Qc7 30. Nb5 Qxc6 31. Nd6 Re7 32. Nxf5 1-0

[Event "19eme open Louviers"]
[Site "?"]
[Date "2016.11.11"]
[Round "1"]
[White "Quevauvilliers, Philippe"]
[Black "Abdat, Rachid"]
[Result "0-1"]
[WhiteElo "1401"]
[BlackElo "1882"]
[PlyCount "46"]
[EventDate "2012.05.13"]
[SourceDate "2016.11.14"]

1. e4 e6 2. Bc4 d5 3. exd5 exd5 4. Bb3 Nf6 5. Nf3 Bd6 6. O-O O-O 7. d3 h6 8. h3
Nbd7 9. Nc3 c6 10. a3 Nc5 11. Ba2 Bf5 12. b4 Ne6 13. Nh4 Bh7 14. Nf3 Bg6 15.
Ne2 Bh5 16. Nh4 Nd4 17. f3 Be5 18. Rb1 Nd7 19. Qe1 Nxe2+ 20. Kh1 Ng3+ 21. Kg1
Qxh4 22. Be3 Bd4 23. f4 Rae8 0-1

[Event "19eme open Louviers"]
[Site "?"]
[Date "2016.11.11"]
[Round "1"]
[White "Andrieu, Philippe"]
[Black "Coquelin, Jonathan"]
[Result "1-0"]
[WhiteElo "1859"]
[BlackElo "1399"]
[PlyCount "45"]
[EventDate "2012.05.13"]
[SourceDate "2016.11.14"]

1. d4 d5 2. e4 dxe4 3. Bc4 Nf6 4. c3 Nc6 5. Bg5 Bg4 6. Qb3 Be6 7. Bxe6 fxe6 8.
Bxf6 exf6 9. Qxb7 Na5 10. Qxe4 Qd5 11. Qxd5 exd5 12. Nd2 c5 13. dxc5 Bxc5 14.
b4 Bxf2+ 15. Kxf2 Nc4 16. Nxc4 dxc4 17. Re1+ Kf7 18. Nf3 Rhd8 19. Re4 Rac8 20.
Nd4 g6 21. Rhe1 Rd7 22. a4 f5 23. Re5 1-0

[Event "19eme open Louviers"]
[Site "?"]
[Date "2016.11.11"]
[Round "1"]
[White "Soenen, Baptiste"]
[Black "Josse, Sebastien"]
[Result "0-1"]
[WhiteElo "1399"]
[BlackElo "1824"]
[PlyCount "80"]
[EventDate "2012.05.13"]
[SourceDate "2016.11.14"]

1. e4 c5 2. Nf3 Nc6 3. Bc4 d6 4. d3 g6 5. Ng5 e6 6. Nc3 h6 7. Nf3 Bg7 8. Bb5
Nge7 9. e5 dxe5 10. O-O O-O 11. Be3 Nd4 12. Re1 Qb6 13. Bc4 Qxb2 14. Na4 Qxc2
15. Rc1 Nxf3+ 16. gxf3 Qxd1 17. Rexd1 b6 18. f4 Nd5 19. fxe5 Nxe3 20. fxe3 Bxe5
21. d4 cxd4 22. exd4 Bf4 23. Rc3 Bb7 24. Nb2 Rac8 25. Nd3 Be3+ 26. Nf2 Bxf2+
27. Kxf2 b5 28. Bxb5 Rxc3 29. Ba4 Bd5 30. Ke2 Bxa2 31. Rd2 Rh3 32. Rxa2 Rxh2+
33. Kd3 Rxa2 34. Bb3 Ra3 35. Kc2 Rb8 36. Kb2 Rbxb3+ 37. Kc2 Rh3 38. Kb2 Rag3
39. Ka1 Rg2 40. Kb1 Rh1# 0-1

[Event "19eme open Louviers"]
[Site "?"]
[Date "2016.11.11"]
[Round "1"]
[White "Delaruelle, Christian"]
[Black "Blondel, Jean-Michel"]
[Result "1-0"]
[WhiteElo "1816"]
[BlackElo "1396"]
[PlyCount "29"]
[EventDate "2012.05.13"]
[SourceDate "2016.11.14"]

1. e4 e5 2. f4 exf4 3. Nf3 Nf6 4. Nc3 g6 5. Bc4 Nc6 6. d4 d6 7. O-O Bg7 8. Bxf4
O-O 9. Bg5 Qd7 10. Qd2 Nxe4 11. Nxe4 d5 12. Nf6+ Bxf6 13. Bxf6 Qe6 14. Ne5 Ne7
15. Qh6 1-0

[Event "19eme open Louviers"]
[Site "?"]
[Date "2016.11.11"]
[Round "1"]
[White "Troppee, Kevin"]
[Black "Vigneron, Frederic"]
[Result "0-1"]
[WhiteElo "1379"]
[BlackElo "1811"]
[PlyCount "60"]
[EventDate "2012.05.13"]
[SourceDate "2016.11.14"]

1. e4 c5 2. Nf3 Nc6 3. d4 cxd4 4. Nxd4 Nf6 5. Nxc6 bxc6 6. Nc3 e5 7. a3 Be7 8.
Bc4 O-O 9. Be3 Bb7 10. Bg5 h6 11. Bxf6 Bxf6 12. O-O Qc7 13. Qf3 Rad8 14. Rad1
d6 15. Rd3 Qb6 16. b3 Qc7 17. Rfd1 Bg5 18. g3 Kh8 19. h4 Bf6 20. Qg2 Bc8 21.
R3d2 Be7 22. Be2 f5 23. exf5 d5 24. Bg4 Bxa3 25. Ne2 Bc5 26. h5 Bxf5 27. Bxf5
Rxf5 28. Nc1 e4 29. g4 Rf3 30. c3 Rg3 0-1

[Event "19eme open Louviers"]
[Site "?"]
[Date "2016.11.11"]
[Round "1"]
[White "Yuan, Beline"]
[Black "Mignot, Philippe"]
[Result "1-0"]
[WhiteElo "1795"]
[BlackElo "1340"]
[PlyCount "45"]
[EventDate "2012.05.13"]
[SourceDate "2016.11.14"]

1. d4 Nf6 2. c4 e5 3. e3 d6 4. Nc3 e4 5. Nge2 b6 6. Ng3 Bb7 7. d5 Qe7 8. Qc2 c6
9. Ngxe4 cxd5 10. Nxf6+ Qxf6 11. Nxd5 Bxd5 12. cxd5 Nd7 13. Bb5 Qg5 14. Bxd7+
Kxd7 15. Qc6+ Ke7 16. Qxa8 Qxg2 17. Rf1 Qe4 18. Bd2 Qa4 19. Rc1 Qd7 20. e4 f6
21. Qb8 Qd8 22. Rc7+ Ke8 23. Rc8 1-0

[Event "19eme open Louviers"]
[Site "?"]
[Date "2016.11.11"]
[Round "1"]
[White "Guillaumat, Jean-Pierre"]
[Black "Maraine, Louis Ermiyas"]
[Result "1-0"]
[WhiteElo "1754"]
[BlackElo "1179"]
[PlyCount "118"]
[EventDate "2012.05.13"]
[SourceDate "2016.11.14"]

1. d4 d5 2. Nf3 Nc6 3. c4 Bg4 4. e3 e5 5. dxe5 dxc4 6. Qxd8+ Rxd8 7. Bxc4 Nxe5
8. Be2 Bxf3 9. gxf3 Nd3+ 10. Bxd3 Rxd3 11. Ke2 Rd7 12. Bd2 Nf6 13. Nc3 Bc5 14.
Rac1 O-O 15. Ne4 Nxe4 16. fxe4 Bb6 17. Bc3 Re8 18. Rcd1 Red8 19. Rxd7 Rxd7 20.
e5 Re7 21. Rd1 c6 22. f4 f6 23. Kf3 fxe5 24. Bxe5 g5 25. Rd3 gxf4 26. Bxf4 Rf7
27. Ke4 Kg7 28. Rd2 Ba5 29. Rg2+ Kf8 30. Bd6+ Ke8 31. Ke5 Kd7 32. e4 b5 33. Bc5
Bc7+ 34. Kd4 a5 35. a3 a4 36. h4 Bd6 37. h5 Bxc5+ 38. Kxc5 Re7 39. Kd4 Kd6 40.
Rg5 h6 41. e5+ Kd7 42. Rg6 Re6 43. Rg7+ Re7 44. Rxe7+ Kxe7 45. Kc5 Kd7 46. Kb6
Ke6 47. Kxc6 Kxe5 48. Kxb5 Kf6 49. Kxa4 Ke6 50. b4 Kd7 51. b5 Kc7 52. Kb4 Kb6
53. a4 Kb7 54. Kc5 Ka7 55. Kc6 Ka8 56. Kc7 Ka7 57. b6+ Ka6 58. b7 Ka5 59. b8=Q
Kxa4 1-0

[Event "19eme open Louviers"]
[Site "?"]
[Date "2016.11.11"]
[Round "1"]
[White "Voegele, Francois-Marie"]
[Black "Serano, Vincent"]
[Result "0-1"]
[WhiteElo "1130"]
[BlackElo "1708"]
[PlyCount "78"]
[EventDate "2012.05.13"]
[SourceDate "2016.11.14"]

1. f4 e6 2. Nf3 d5 3. e3 Nf6 4. Be2 Be7 5. O-O h5 6. Nh4 Ng4 7. Nf3 Nd7 8. d4
Ndf6 9. Nc3 Ne4 10. h3 Ngf6 11. Bd2 Nxd2 12. Qxd2 Ne4 13. Qe1 a6 14. Bd3 f5 15.
Be2 Bd7 16. Rd1 Bf6 17. b3 Qe7 18. Rc1 g6 19. Na4 Bxa4 20. bxa4 Qa3 21. a5
Qxe3+ 22. Kh1 Qxf4 23. Kg1 O-O 24. Rd1 Ng3 25. Rf2 Kg7 26. Kh2 Nxe2+ 27. Kh1
Ng3+ 28. Kg1 Ne4 29. Rf1 c5 30. c3 Rac8 31. Nh4 Qxh4 32. Qe3 cxd4 33. cxd4 Rc3
34. Qe2 Rfc8 35. Kh1 Ng3+ 36. Kg1 Nxe2+ 37. Kh2 Rxh3+ 38. gxh3 Qg3+ 39. Kh1
Qxh3# 0-1

[Event "19eme open Louviers"]
[Site "?"]
[Date "2016.11.11"]
[Round "1"]
[White "Bailly, Thierry"]
[Black "Lehericey, Romain"]
[Result "1/2-1/2"]
[WhiteElo "1658"]
[BlackElo "1112"]
[PlyCount "46"]
[EventDate "2012.05.13"]
[SourceDate "2016.11.14"]

1. c4 e5 2. Nc3 Nf6 3. d3 Nc6 4. Nf3 Bb4 5. Bg5 h6 6. Bh4 g5 7. Bg3 Qe7 8. e4
d6 9. a3 Bc5 10. Qa4 Bd7 11. Qb3 O-O-O 12. Qc2 Bg4 13. Be2 Bxf3 14. Bxf3 Nd4
15. Qd1 a6 16. b4 Ba7 17. Rb1 Qe6 18. Nd5 Kb8 19. a4 c6 20. Ne3 h5 21. h4 g4
22. Be2 d5 23. cxd5 cxd5 1/2-1/2

[Event "19eme open Louviers"]
[Site "?"]
[Date "2016.11.11"]
[Round "1"]
[White "Marliere-Lepretre, Corentin"]
[Black "Arinal, Serge"]
[Result "0-1"]
[WhiteElo "1095"]
[BlackElo "1604"]
[PlyCount "48"]
[EventDate "2012.05.13"]
[SourceDate "2016.11.14"]

1. d4 Nf6 2. c4 e6 3. Nc3 Bb4 4. Qb3 Nc6 5. Nf3 O-O 6. e3 Ne4 7. Bd3 Nxc3 8.
bxc3 Ba5 9. d5 Ne7 10. O-O Bb6 11. Ba3 d6 12. Rfe1 e5 13. Ng5 Bf5 14. Qc2 Bxd3
15. Qxd3 Ng6 16. Ne4 f5 17. Ng3 e4 18. Qe2 Ne5 19. f3 exf3 20. gxf3 f4 21. Ne4
Bxe3+ 22. Kg2 Rf5 23. Rab1 b6 24. Qc2 Nxc4 0-1

[Event "19eme open Louviers"]
[Site "?"]
[Date "2016.11.11"]
[Round "1"]
[White "Kurjakovic, Omer"]
[Black "Ponty, Matteo"]
[Result "1-0"]
[WhiteElo "1575"]
[BlackElo "1065"]
[PlyCount "35"]
[EventDate "2012.05.13"]
[SourceDate "2016.11.14"]

1. Nf3 Nc6 2. c4 e5 3. Nc3 Nf6 4. d3 d5 5. cxd5 Nxd5 6. a3 Nxc3 7. bxc3 Bg4 8.
Qb3 Na5 9. Qa4+ Nc6 10. Qxg4 Na5 11. Nxe5 Nb3 12. Qa4+ c6 13. Qxb3 Qe7 14. d4
f6 15. Nd3 O-O-O 16. g3 Re8 17. e3 Qe4 18. Rg1 1-0

[Event "19eme open Louviers"]
[Site "?"]
[Date "2016.11.11"]
[Round "1"]
[White "Bat, Anu"]
[Black "Aupoix, Thibaud"]
[Result "0-1"]
[WhiteElo "1062"]
[BlackElo "1567"]
[PlyCount "58"]
[EventDate "2012.05.13"]
[SourceDate "2016.11.14"]

1. e4 c5 2. Nc3 d6 3. Nf3 Nf6 4. d4 cxd4 5. Qxd4 a6 6. Be3 Nc6 7. Qd3 e6 8. Be2
Be7 9. O-O O-O 10. h3 b5 11. a4 b4 12. Nd1 a5 13. Qc4 Bb7 14. c3 Rc8 15. Qb5
Qd7 16. cxb4 Nxb4 17. Bd2 Bxe4 18. Bxb4 Qxb5 19. Bxb5 axb4 20. a5 Rc5 21. Ba6
Ra8 22. Bb7 Bxb7 23. a6 Rxa6 24. Rxa6 Bxa6 25. Re1 Rc2 26. Re3 d5 27. Rb3 Rc1
28. Rxb4 Rxd1+ 29. Kh2 Bxb4 0-1

[Event "19eme open Louviers"]
[Site "?"]
[Date "2016.11.11"]
[Round "1"]
[White "Rascle, Adeline"]
[Black "Marie, Isabelle"]
[Result "1-0"]
[WhiteElo "1564"]
[BlackElo "1047"]
[PlyCount "79"]
[EventDate "2012.05.13"]
[SourceDate "2016.11.14"]

1. d4 d5 2. Nf3 Nf6 3. c4 Nc6 4. Nc3 e6 5. Bg5 h6 6. Bh4 Be7 7. e3 Ne4 8. Bxe7
Nxe7 9. Rc1 O-O 10. Bd3 Nxc3 11. Rxc3 dxc4 12. Bxc4 Nd5 13. Rc1 c6 14. O-O Re8
15. Re1 b5 16. Bd3 Nb4 17. Bb1 Nd5 18. Ne5 Bd7 19. Nxc6 Bxc6 20. Rxc6 Rc8 21.
Rxc8 Qxc8 22. Qd3 g6 23. Qxb5 Qb8 24. Qxb8 Rxb8 25. b3 h5 26. h3 Rb6 27. Rc1
Kg7 28. Be4 Nf6 29. Bf3 g5 30. Rc5 Kh6 31. Rc7 Kg6 32. Rxa7 g4 33. hxg4 hxg4
34. Be2 Rc6 35. Bc4 Ne4 36. Bd3 f5 37. Bxe4 fxe4 38. a4 Rc1+ 39. Kh2 Rc2 40.
Kg3 1-0

[Event "19eme open Louviers"]
[Site "?"]
[Date "2016.11.11"]
[Round "1"]
[White "Gitton, Maxence"]
[Black "Roussel, Maxime"]
[Result "0-1"]
[WhiteElo "1009"]
[BlackElo "1551"]
[PlyCount "70"]
[EventDate "2012.05.13"]
[SourceDate "2016.11.14"]

1. d4 c5 2. e4 cxd4 3. Nf3 e6 4. g3 Nc6 5. Bg2 Bc5 6. O-O Nge7 7. Bf4 O-O 8. e5
Qb6 9. Nbd2 Ng6 10. Nc4 Qb4 11. b3 Nxf4 12. gxf4 f6 13. exf6 Rxf6 14. Nce5 d6
15. Nxc6 bxc6 16. Qd3 Qc3 17. Qe4 d5 18. Qe5 Ba6 19. Rfe1 Qxc2 20. Re2 Qxe2 21.
Qg5 d3 22. Ne5 Qxf2+ 23. Kh1 Qxf4 24. Qh5 Rh6 25. Rf1 Qxf1+ 26. Bxf1 Rxh5 27.
Nxc6 d2 28. Be2 Rg5 29. h4 Rg1+ 30. Kh2 Bxe2 31. Ne5 d1=Q 32. Nd3 Rh1+ 33. Kg3
Qxd3+ 34. Kf4 Qf3+ 35. Ke5 Qe4# 0-1

[Event "19eme open Louviers"]
[Site "?"]
[Date "2016.11.11"]
[Round "2"]
[White "Joslin, Jerome"]
[Black "Yuan, Beline"]
[Result "1-0"]
[WhiteElo "2100"]
[BlackElo "1795"]
[PlyCount "81"]
[EventDate "2012.05.13"]
[SourceDate "2016.11.14"]

1. d4 Nf6 2. c4 g6 3. Nc3 Bg7 4. e4 d6 5. Nf3 O-O 6. Bg5 e5 7. dxe5 dxe5 8.
Qxd8 Rxd8 9. Bxf6 Bxf6 10. Nd5 Bg7 11. Nxc7 Be6 12. Nxa8 Rc8 13. Rd1 Na6 14.
Ng5 Rxa8 15. Nxe6 fxe6 16. Bd3 Rd8 17. a3 Nc5 18. Bc2 Rd4 19. Rxd4 exd4 20. b4
Nd7 21. f4 Nf6 22. Ke2 Ng4 23. g3 e5 24. Kf3 Ne3 25. Bb3 Kf8 26. Rc1 Ke7 27. c5
Kd7 28. c6+ Kc7 29. cxb7+ Kxb7 30. Bd5+ Kb8 31. Bg8 h6 32. Bf7 g5 33. f5 Kb7
34. Bd5+ Kb8 35. g4 Bf8 36. f6 Bd6 37. Rc6 Bf8 38. Re6 Kc7 39. f7 Kd7 40. Re8
Be7 41. f8=Q 1-0

[Event "19eme open Louviers"]
[Site "?"]
[Date "2016.11.11"]
[Round "2"]
[White "Mergen, Bat"]
[Black "Garcia, Adrien"]
[Result "1/2-1/2"]
[WhiteElo "1785"]
[BlackElo "1976"]
[PlyCount "104"]
[EventDate "2012.05.13"]
[SourceDate "2016.11.14"]

1. d4 d5 2. c4 Nc6 3. cxd5 Qxd5 4. e3 e5 5. Nc3 Bb4 6. a3 Bxc3+ 7. bxc3 exd4 8.
cxd4 Nf6 9. Nf3 O-O 10. Be2 Bf5 11. O-O Na5 12. Nd2 Qe6 13. Bf3 Rac8 14. Bb2
Rfd8 15. Re1 Ne4 16. Bxe4 Bxe4 17. f3 Bg6 18. Rc1 Qb6 19. Bc3 c5 20. Qa4 Nc6
21. Nc4 Qc7 22. dxc5 Rd5 23. Bb4 Rh5 24. f4 Qe7 25. g3 Be4 26. Nd6 Rd8 27. Bc3
Rxd6 28. cxd6 Qe6 29. Re2 Bf3 30. Qc2 Bxe2 31. Qxe2 Rd5 32. e4 Rxd6 33. e5 Rd5
34. Rd1 Qd7 35. Rd2 Rxd2 36. Qxd2 Qxd2 37. Bxd2 Kf8 38. Kf2 Ke7 39. Ke3 Ke6 40.
Ke4 g6 41. g4 f5+ 42. exf6 Kxf6 43. Kd5 Ke7 44. h4 h5 45. f5 hxg4 46. fxg6 g3
47. h5 g2 48. Be3 Kf6 49. Ke4 a6 50. Kf3 Ne5+ 51. Kxg2 Nxg6 52. hxg6 Kxg6
1/2-1/2

[Event "19eme open Louviers"]
[Site "?"]
[Date "2016.11.11"]
[Round "2"]
[White "Boursier, Xavier"]
[Black "Guillaumat, Jean-Pierre"]
[Result "1/2-1/2"]
[WhiteElo "1941"]
[BlackElo "1754"]
[PlyCount "62"]
[EventDate "2012.05.13"]
[SourceDate "2016.11.14"]

1. Nf3 Nf6 2. g3 g6 3. Bg2 Bg7 4. O-O O-O 5. d3 d5 6. Nbd2 Nbd7 7. e4 e5 8.
exd5 Nxd5 9. Nc4 N5b6 10. Nxb6 axb6 11. c3 Nc5 12. Nxe5 Bxe5 13. d4 Bd6 14.
dxc5 bxc5 15. Bh6 Re8 16. h4 Bf8 17. Bf4 Qxd1 18. Rfxd1 c6 19. Bf3 h5 20. Kg2
Be6 21. a3 Rad8 22. Bc7 Rd7 23. Rxd7 Bxd7 24. Rd1 Bc8 25. Bb6 Be7 26. Re1 Kf8
27. a4 Be6 28. Re5 c4 29. Ra5 Bd8 30. Bc5+ Be7 31. Bb6 Bd8 1/2-1/2

[Event "19eme open Louviers"]
[Site "?"]
[Date "2016.11.11"]
[Round "2"]
[White "Serano, Vincent"]
[Black "Lehericey, Fabrice"]
[Result "1-0"]
[WhiteElo "1708"]
[BlackElo "1898"]
[PlyCount "77"]
[EventDate "2012.05.13"]
[SourceDate "2016.11.14"]

1. d4 Nf6 2. Nc3 d5 3. Nf3 g6 4. h3 Bg7 5. Bf4 c6 6. Qd2 b5 7. Bh6 O-O 8. Bxg7
Kxg7 9. g4 Nbd7 10. Ne5 Nxe5 11. dxe5 Nd7 12. f4 e6 13. h4 Nb6 14. e3 b4 15.
Nd1 c5 16. h5 Bb7 17. hxg6 hxg6 18. g5 Qc7 19. Rh6 Rad8 20. Qh2 Rh8 21. Nf2 d4
22. Ng4 Bf3 23. Nf6 dxe3 24. Rh7+ Rxh7 25. Qxh7+ Kf8 26. Qh8+ Ke7 27. Ng8+ Kd7
28. Ba6 Kc6 29. Qh3 Be4 30. Nf6 Bxc2 31. Qxe3 Nd5 32. Qe2 Qb6 33. Qxc2 Qxa6 34.
Rc1 Qb5 35. Ne4 Nxf4 36. Nxc5 Kb6 37. Na4+ Ka5 38. Qc7+ Kxa4 39. Qxa7+ 1-0

[Event "19eme open Louviers"]
[Site "?"]
[Date "2016.11.11"]
[Round "2"]
[White "Abdat, Rachid"]
[Black "Arinal, Serge"]
[Result "1-0"]
[WhiteElo "1882"]
[BlackElo "1604"]
[PlyCount "53"]
[EventDate "2012.05.13"]
[SourceDate "2016.11.14"]

1. d4 Nf6 2. Bf4 e6 3. e3 d6 4. Nf3 Be7 5. Bd3 Nbd7 6. e4 e5 7. dxe5 dxe5 8.
Nxe5 Nc5 9. Nc3 Nxd3+ 10. cxd3 O-O 11. O-O Re8 12. Qb3 Rf8 13. Rad1 a6 14. d4
Ng4 15. Nf3 Nf6 16. h3 Nd7 17. Nd5 Bd6 18. Bg5 Nf6 19. e5 Be7 20. Nxe7+ Qxe7
21. exf6 gxf6 22. Rfe1 Qd6 23. Bh6 Rd8 24. Qe3 Bf5 25. Qf4 Qd5 26. Re5 fxe5 27.
Qg5+ 1-0

[Event "19eme open Louviers"]
[Site "?"]
[Date "2016.11.11"]
[Round "2"]
[White "Aupoix, Thibaud"]
[Black "Andrieu, Philippe"]
[Result "0-1"]
[WhiteElo "1567"]
[BlackElo "1859"]
[PlyCount "56"]
[EventDate "2012.05.13"]
[SourceDate "2016.11.14"]

1. e4 c5 2. Nf3 a6 3. d4 cxd4 4. Nxd4 e5 5. Nb3 Nf6 6. Nc3 Bb4 7. Bd3 Bxc3+ 8.
bxc3 O-O 9. O-O d5 10. Bg5 dxe4 11. Bxf6 Qxf6 12. Bxe4 Qe7 13. Qe2 Nd7 14. Nd4
g6 15. Bd5 Qd6 16. Nf5 gxf5 17. Rad1 Qg6 18. Rd3 f4 19. Be4 Qg7 20. Rd5 f5 21.
Bd3 b5 22. Rd6 Bb7 23. f3 Nc5 24. Rd1 e4 25. fxe4 fxe4 26. Bc4+ Kh8 27. Bd5 f3
28. Qf2 e3 0-1

[Event "19eme open Louviers"]
[Site "?"]
[Date "2016.11.11"]
[Round "2"]
[White "Josse, Sebastien"]
[Black "Kurjakovic, Omer"]
[Result "1-0"]
[WhiteElo "1824"]
[BlackElo "1565"]
[PlyCount "91"]
[EventDate "2012.05.13"]
[SourceDate "2016.11.14"]

1. e4 c5 2. Nf3 Nc6 3. d4 cxd4 4. Nxd4 a6 5. Be2 Nf6 6. Nc3 e6 7. Be3 g6 8. f4
d6 9. Qd2 Qc7 10. Nb3 Bg7 11. O-O-O Ke7 12. g4 Rd8 13. g5 Ne8 14. f5 Kf8 15. f6
Bh8 16. Na4 Qb8 17. Nb6 a5 18. Nxa8 Qxa8 19. Bb6 Rd7 20. Nxa5 d5 21. Qe3 d4 22.
Qa3+ Kg8 23. Nxc6 Qxa3 24. bxa3 bxc6 25. Rxd4 Bxf6 26. gxf6 Nxf6 27. Rhd1 Kf8
28. c4 Ke8 29. c5 h5 30. a4 Ke7 31. a5 Bb7 32. a6 Ba8 33. Bd8+ Kxd8 34. Kc2 e5
35. Rxd7+ Nxd7 36. Bc4 Ke7 37. Rxd7+ Kxd7 38. Bxf7 g5 39. Bxh5 Ke7 40. Bg4 Kd8
41. Kd2 Kc7 42. Ke3 Kb8 43. Be2 Kc7 44. Kf3 Kd7 45. Kg4 Ke7 46. Kf5 1-0

[Event "19eme open Louviers"]
[Site "?"]
[Date "2016.11.11"]
[Round "2"]
[White "Roussel, Maxime"]
[Black "Delaruelle, Christian"]
[Result "1-0"]
[WhiteElo "1551"]
[BlackElo "1816"]
[PlyCount "119"]
[EventDate "2012.05.13"]
[SourceDate "2016.11.14"]

1. d4 d5 2. Nf3 Nc6 3. e3 Bg4 4. c4 e5 5. Qb3 Na5 6. Qa4+ c6 7. Nxe5 Nf6 8. Nc3
dxc4 9. Nxc4 Nxc4 10. Qxc4 Be6 11. Qd3 Bd6 12. Be2 O-O 13. O-O Qc7 14. h3 Qd7
15. e4 Bb4 16. Bf4 Rad8 17. a3 Ba5 18. Rad1 Bb6 19. Be5 Ne8 20. Na4 f6 21. Nxb6
axb6 22. Bg3 f5 23. e5 Nc7 24. Bh4 Rde8 25. f4 b5 26. Bh5 Bc4 27. Bxe8 Rxe8 28.
Qf3 Bxf1 29. Kxf1 Ne6 30. d5 cxd5 31. Qxd5 Qxd5 32. Rxd5 Nxf4 33. Rxb5 Rb8 34.
Bg3 Ne6 35. Rb6 Kf7 36. Ke2 Ke7 37. a4 f4 38. Bf2 Kd7 39. Kd3 Nc7 40. Rd6+ Ke7
41. Bh4+ Ke8 42. Ke4 b5 43. a5 Ra8 44. b4 Na6 45. Be1 Ke7 46. Kd5 Nc7+ 47. Kc6
Ne8 48. Bh4+ Kf8 49. Kb7 Nxd6+ 50. Kxa8 Nc4 51. a6 Nxe5 52. a7 Nc6 53. Kb7 Nxa7
54. Kxa7 h6 55. Kb6 g5 56. Bf2 h5 57. Kxb5 g4 58. hxg4 hxg4 59. g3 fxg3 60.
Bxg3 1-0

[Event "19eme open Louviers"]
[Site "?"]
[Date "2016.11.11"]
[Round "2"]
[White "Vigneron, Frederic"]
[Black "Rascle, Adeline"]
[Result "1/2-1/2"]
[WhiteElo "1811"]
[BlackElo "1564"]
[PlyCount "60"]
[EventDate "2012.05.13"]
[SourceDate "2016.11.14"]

1. d4 d5 2. c4 e6 3. Nc3 Nf6 4. Bg5 c6 5. Nf3 Nbd7 6. e3 Be7 7. Rc1 O-O 8. Bd3
dxc4 9. Bxc4 Nd5 10. Bxe7 Nxe7 11. O-O Ng6 12. Qc2 Nf6 13. Rfd1 Qe7 14. Bd3 Rd8
15. Ne5 Bd7 16. Ne4 Nd5 17. Nxd7 Rxd7 18. a3 Rdd8 19. Qc5 Qc7 20. b4 e5 21. b5
exd4 22. exd4 Nge7 23. bxc6 Qxc6 24. Qa5 Qh6 25. Ng3 Nc6 26. Qc5 Qd6 27. Be4
Qxc5 28. Rxc5 Nce7 29. Ne2 b6 30. Rc2 Rac8 1/2-1/2